| 000 | 00426nam a2200169Ia 4500 | ||
|---|---|---|---|
| 008 | 230524s9999 xx 000 0 und d | ||
| 082 |
_a302.231 _bRIL |
||
| 100 | _aWilliam F.Riley | ||
| 245 | 0 | _aMechanics of Materials | |
| 250 | _a5TH | ||
| 260 |
_aSINGAPORE _bJohn Wiley _c2004 |
||
| 300 | _a708 | ||
| 500 | _aQuantity Number: 2 | ||
| 650 | _aMechanics | ||
| 700 | _a" Leroy D.Sturges , Don H.Morris,,," | ||
| 942 | _cBK | ||
| 999 |
_c16053 _d16053 |
||